000
00348nam a22001697a 4500
003
UA-OsUOA
001
1944
007
ta
008
20050721b un ||||| |||| 00| 0 ukr d
100
_a
Lebedew
700
_a
W.
942
_c
BK
040
_a
UA-OsUOA
_c
UA-OsUOA
_d
UA-OsUOA
245
_a
Sprich Lebendiger!
_b
German
955
_a
2
650
7
_2
UDC
999
_c
288106
_d
288106